000 00548nam a2200205Ia 4500
003 IIN
005 20240124163723.0
008 231217s9999 xx 000 0 und d
020 _cRs.850.00
_a9788131264478
040 _aIIN
_bEnglish
082 _a610.73072
_bSHA
100 1 _aSharma, Suresh K
245 1 _aNursing Research & Statistics
_cSuresh K Sharma
250 _a4th ed
260 _bElsevier
_aNew Delhi
_c2023
300 _axiii, 416 p.
650 1 _aResearch
_vNursing
650 1 _aResearch & Statistics
_vNursing
942 _cBOOK
999 _c1434
_d1434